000 00884nam a22002417a 4500
999 _c19666
_d19666
003 AR-CdUCM
008 190520b ||||| |||| 00| 0 spa d
040 _aMUNICIPALIDAD PROVINCIAL DEL CUSCO
_cBIBLIOTECA MUNICIPAL DEL CUSCO
041 _heng
082 _a338.9 /
_bS28
100 _aScitovsky, Tibor.
_941145
245 _aEnsayos sobre bienestar y crecimiento /
260 _aMadrid :
_bEdit. Tecnos,
_c1970.
300 _a248 páginas ;
_c24 cm.
440 _aBiblioteca tecnos de ciencias económicas
_941146
505 _aContenido: Crecimiento económico y problemas afines -- Economía teórica del bienestar -- Economía practica del bienestar...
650 _aEconomía
_9382
650 _aDesarrollo económico
_91696
650 _aAspectos sociales
_9262
700 _aCasas Pardo, José (traducción)
_941147
942 _2ddc
_cLIBROS
945 _adavv
_d2019-05-20